MARC

LEADER 00000nmm0a2200000 4500
001 27342
005 20231030202133.0
010 |a 5272001982 
035 |a (RuTPU)RU\TPU\book\27591 
035 |a BOOK00027666 
090 |a 27342 
100 |a 20011209d2001 km y0rusy50 ca 
101 1 |a rus  |c eng 
102 |a RU 
105 |a a z 001zy 
200 1 |a Win32 API и Visual Basic  |e пер. с англ.  |f Д. Эпплман 
210 |a СПб.  |c Питер  |d 2001 
215 |a 1114 с.  |c ил.  |e Прил.: CD-ROM 
225 1 |a Для профессионалов 
320 |a Алф. указ.: с. 1098-1114. 
610 1 |a программирование 
610 1 |a система 
610 1 |a Visual Basic 
610 1 |a программы 
610 1 |a Windows 
610 1 |a Win32 API 
610 1 |a аппаратные функции 
610 1 |a системные функции 
610 1 |a графические функции 
610 1 |a сетевые функции 
610 1 |a CD-ROM 
675 |a 681.3.066  |v 3 
700 1 |a Эпплман  |b Д.  |g Дан 
801 0 |a RU  |b 63413507  |c 20011209  |g PSBO 
801 2 |a RU  |b 63413507  |c 20120720  |g PSBO 
942 |c MX